Records géorgraphiques - Statistiques

Statistiques générales
  • Ce quiz a été pris 329 fois
  • Le résultat moyen est 12 sur 14
Statistiques - réponses
Record Réponse % Correct
Le plus grand pays du monde Russie
100%
Le pays le plus peuplé du monde Chine
99%
Second pays le plus peuplé du monde Inde
98%
Le désert le plus vaste du monde Sahara
96%
Le plus petit pays du monde Vatican
96%
Le plus grand pays d'Afrique Algérie
91%
La plus haute montagne du monde Everest
90%
Le pays qui compte le plus de victoires militaires France
89%
État américain qui appartenait avant à la Russie Alaska
84%
La ville la plus peuplée du monde Tokyo
83%
La ville abritant la plus haute tour du monde Dubaï
81%
Le plus long fleuve du monde Amazone
79%
Le plus long fleuve d'Europe Volga
58%
Le pays comptant le plus grand nombres de langages Papouasie Nouvelle Guinée
25%
Aucun quiz correspondant
Distribution des résultats
% des personnes avec chaque résultat
Percentile par nombre de réponses
Votre historique - résultats
Vous n’avez pas pris ce quiz